Vývoj regionálních disparit na úrovni České republiky

Analýza regionálnych disparít, teórie regionálneho rozvoja a indikátorov udržateľného rozvoja. Možné spôsoby merania a výpočtu jednotlivých ukazovateľov na miestnej úrovni.

Na minha lista:
Detalhes bibliográficos
Autor principal: Števanka, Daniel
Formato: Capítulo de Livro
Idioma:tcheco
Assuntos:
Tags: Adicionar Tag
Sem tags, seja o primeiro a adicionar uma tag!

MARC

LEADER 00000nla a2200000 4500
001 0195035
005 20240417075051.5
041 0 |a cze 
044 |a CZ 
245 1 0 |a Vývoj regionálních disparit na úrovni České republiky  |c Daniel Števanka 
520 |a Analýza regionálnych disparít, teórie regionálneho rozvoja a indikátorov udržateľného rozvoja. Možné spôsoby merania a výpočtu jednotlivých ukazovateľov na miestnej úrovni. 
610 2 0 |a Česko 
610 2 0 |a rozvoj trvalo udržateľný 
610 2 0 |a politika regionálna 
610 2 0 |a meranie 
610 2 0 |a disparita 
100 1 |a Števanka, Daniel